[Event "Let's Play Chess!"]
[Site "http://www.queenalice.com/game.php?id=207721"]
[Date "2007.5.8"]
[Round "-"]
[White "lordk"]
[Black "CampbellMarcel"]
[Result "0-1"]
[WhiteElo "925"]
[BlackElo "1008"]

1. e4 c5 2. b3 b6 3. e5 Bb7 4. f4 d5 5. Ba3 e6 6. Qg4 Nh6 7. Qg5 Qd7 8. Nc3 Nf5
9. Bb5 Bc6 10. Ba4 Bxa4 11. Nxa4 Be7 12. Qh5 g6 13. Qd1 Nc6 14. c4 dxc4 15. bxc4
Ncd4 16. Ne2 Nxe2 17. Qxe2 Rd8 18. Rd1 Bh4+ 19. g3 Nd4 20. Qg4 Nc2+ 21. Ke2 Qd3+
22. Kf2 Nxa3 23. Nc3 Nxc4 24. Qxh4 Nxd2 25. Ke1 Nf3+ 26. Kf2 Nxh4 27. Rxd3 Rxd3
28. Ne4 Nf5 29. Nf6+ Ke7 30. Ng4 Rhd8 31. h4 Rd2+ 32. Kf3 R8d3+ 33. Ke4 c4 34.
h5 Re2+ 35. Ne3 Rexe3# 0-1

[Event "Let's Play Chess!"]
[Site "http://www.queenalice.com/game.php?id=207740"]
[Date "2007.5.8"]
[Round "-"]
[White "ihwitz"]
[Black "lordk"]
[Result "1-0"]
[WhiteElo "1529"]
[BlackElo "809"]

1. d4 b6 2. e4 c5 3. d5 e6 4. Nc3 Ba6 5. Nb5 f5 6. exf5 exd5 7. Qxd5 Nc6 8. Bc4
Qc7 9. Ne2 Qe5 10. Qf7+ Kd8 11. Qxf8+ Qe8 12. Bg5+ Nge7 13. Qxg7 Bxb5 14. Bxb5
Rg8 15. Qc3 Rxg5 16. O-O-O Nxf5 17. Bxc6 Rc8 18. Rxd7+ Qxd7 19. Bxd7 Kxd7 20.
Rd1+ Nd6 21. Qh3+ Kc6 22. Qe6 Rxg2 23. Rxd6+ Kb5 24. Qxc8 Rxf2 25. Qc6+ Ka6 26.
a4 Rxe2 27. Qb5+ Kb7 28. Rd7+ Kc8 29. Qc6+ Kb8 30. Qb7# 1-0

[Event "Let's Play Chess!"]
[Site "http://www.queenalice.com/game.php?id=208439"]
[Date "2007.5.9"]
[Round "-"]
[White "lordk"]
[Black "kako"]
[Result "0-1"]
[WhiteElo "767"]
[BlackElo "1555"]

1. h4 d5 2. h5 d4 3. g4 Bxg4 4. f3 Be6 5. Bh3 Bd5 6. Bg4 e6 7. Nh3 Nc6 8. Nf4
Bc4 9. Bxe6 fxe6 10. Nxe6 Bxe6 11. e3 h6 12. Rh4 Qxh4+ 13. Ke2 Bc4+ 14. d3 Qh2+
15. Kf1 Bb5 16. Na3 Qh1+ 17. Ke2 Qg2+ 18. Ke1 O-O-O 19. Nxb5 Bb4+ 20. c3 Qg1+
21. Kd2 dxe3+ 22. Kc2 Qg5 23. a4 Ba5 24. Nd4 Nxd4+ 25. cxd4 Rxd4 26. Qe2 Qc5+
27. Kd1 Qd5 28. Qxe3 Rxd3+ 29. Qxd3 Qxd3+ 30. Bd2 Qxf3+ 31. Ke1 Qh1+ 32. Ke2
Qxa1 33. Bxa5 Nf6 34. b4 Re8+ 35. Kf3 Qf1+ 36. Kg3 Re3+ 37. Kh4 Qf4# 0-1

[Event "AUTO-BEG-98"]
[Site "http://www.queenalice.com/game.php?id=208505"]
[Date "2007.5.9"]
[Round "1"]
[White "lordk"]
[Black "allynne_12"]
[Result "0-1"]
[WhiteElo "809"]
[BlackElo "1611"]

1. d4 d5 2. f3 Bf5 3. e4 dxe4 4. fxe4 Bxe4 5. Bd3 Bxd3 6. Qg4 Bxc2 7. Na3 Bg6 8.
Nf3 f6 9. Bf4 Bd3 10. Rd1 Ba6 11. d5 Nd7 12. d6 cxd6 13. Nd4 Qa5+ 14. Bd2 Qe5+
0-1

[Event "AUTO-BEG-98"]
[Site "http://www.queenalice.com/game.php?id=208506"]
[Date "2007.5.9"]
[Round "1"]
[White "allynne_12"]
[Black "lordk"]
[Result "1-0"]
[WhiteElo "1575"]
[BlackElo "809"]

1. e4 d5 2. exd5 Qxd5 3. Nc3 Qe6+ 4. Qe2 Qh6 5. h3 Nf6 6. d4 Bf5 7. Bxh6 gxh6 8.
Qb5+ Bd7 9. Qxb7 Bc6 10. Bb5 Bxb5 11. Nxb5 a6 12. Qc8# 1-0

[Event "AUTO-BEG-98"]
[Site "http://www.queenalice.com/game.php?id=208507"]
[Date "2007.5.9"]
[Round "1"]
[White "lordk"]
[Black "CampbellMarcel"]
[Result "0-1"]
[WhiteElo "782"]
[BlackElo "1107"]

1. d4 e6 2. h4 d5 3. g3 Nc6 4. Bh3 Bb4+ 5. c3 Ba5 6. b4 Bb6 7. Qa4 Bd7 8. Bg5 f6
9. Bf4 Nxd4 10. cxd4 Bxa4 11. Nc3 Bxd4 12. Rc1 Bxc3+ 13. Rxc3 Rc8 14. Bxe6 Ne7
15. Bxc8 Qxc8 16. Rxc7 Qd8 17. Rxb7 O-O 18. Rxa7 Bc2 19. Bc7 Qe8 20. Kd2 Nc6 21.
Ra3 Nxb4 22. Re3 Qa4 23. Bd6 d4 24. Re6 Qxa2 25. Bxb4 Qxe6 26. Nf3 Be4 27. g4
Bxf3 28. exf3 Qa2+ 29. Kd3 Rd8 30. g5 Qxf2 31. Bc5 Qxf3+ 32. Kc4 Qxh1 33. Bxd4
Qc1+ 34. Kd3 Qd1+ 35. Kc4 Qxd4+ 36. Kb3 Rc8 0-1

[Event "AUTO-BEG-98"]
[Site "http://www.queenalice.com/game.php?id=208508"]
[Date "2007.5.9"]
[Round "1"]
[White "CampbellMarcel"]
[Black "lordk"]
[Result "1-0"]
[WhiteElo "1071"]
[BlackElo "819"]

1. e4 d5 2. exd5 Qxd5 3. Nc3 Qe5+ 4. Be2 e6 5. Nf3 Qf6 6. O-O Nh6 7. Bb5+ c6 8.
Ne4 Qf5 9. Bd3 b5 10. Nd6+ Bxd6 11. Bxf5 exf5 12. Ng5 f6 13. Re1+ Be5 14. Nf3
O-O 15. Nxe5 fxe5 16. Rxe5 Ng4 17. Re7 f4 18. b3 a5 19. Bb2 Nd7 20. Rxg7+ Kh8
21. Rxd7+ Nf6 22. Bxf6+ Rxf6 23. Rd8+ Kg7 24. Qh5 Rh6 25. Qe8 Rg6 26. Rxc8 Ra7
27. Rxc6 Rg4 28. Qe5+ Kg8 29. Qe6+ Rf7 30. Qxg4+ Kf8 31. Rc8+ Ke7 32. Re1+ Kd6
33. Rd8+ Kc7 34. Qc8+ Kb6 35. Re6+ Ka7 36. Qa6# 1-0

[Event "AUTO-BEG-98"]
[Site "http://www.queenalice.com/game.php?id=208509"]
[Date "2007.5.9"]
[Round "1"]
[White "lordk"]
[Black "demonsword"]
[Result "0-1"]
[WhiteElo "767"]
[BlackElo "1349"]

1. d4 e5 2. dxe5 Nc6 3. f4 d6 4. e3 d5 5. Bb5 a6 6. Ba4 b5 7. Bb3 d4 8. Qh5 g6
9. Qf3 Bb7 10. exd4 Qxd4 11. f5 Nxe5 12. Qxb7 Rd8 13. Qxc7 Qd1+ 14. Kf2 Rd7 15.
Qxe5+ Ne7 16. Bg5 h6 17. Bf6 Rd2+ 18. Nxd2 Qxd2+ 19. Kf1 Rg8 20. Nf3 Qd7 21. Kf2
gxf5 22. Rad1 Qa7+ 23. Ke1 Rxg2 24. Qd6 Qf2# 0-1

[Event "AUTO-BEG-98"]
[Site "http://www.queenalice.com/game.php?id=208510"]
[Date "2007.5.9"]
[Round "1"]
[White "demonsword"]
[Black "lordk"]
[Result "0-1"]
[WhiteElo "1246"]
[BlackElo "767"]

1. e4 d5 2. d4 dxe4 3. Nc3 f5 4. f3 e6 5. d5 c6 6. dxc6 Nxc6 7. Nge2 Bd7 8. fxe4
fxe4 9. Nxe4 Bb4+ 10. c3 Ba5 11. b4 Bb6 12. Bg5 Qc7 13. Nd6+ Kf8 14. b5 Ne5 15.
g3 Nf3# 0-1

[Event "Let's Play Chess!"]
[Site "http://www.queenalice.com/game.php?id=209056"]
[Date "2007.5.10"]
[Round "-"]
[White "lordk"]
[Black "candycorn"]
[Result "0-1"]
[WhiteElo "809"]
[BlackElo "1245"]

1. b3 e5 2. Ba3 c5 3. e4 d6 4. Bb5+ Nc6 5. Ba4 Bd7 6. g3 Nd4 7. Bxd7+ Qxd7 8. c3
Nb5 9. b4 d5 10. Nf3 dxe4 11. Nxe5 Qh3 12. bxc5 Qg2 13. Rf1 b6 14. c6 Nxa3 15.
Nxa3 Bxa3 16. f3 Bc5 17. Ng4 e3 18. dxe3 Nf6 19. c7 Nxg4 20. fxg4 Qxh2 21. Qa4+
Ke7 22. Qe4+ Kd7 23. Qe5 Bd6 24. Qf5+ Kxc7 25. Qxf7+ Kc8 26. Qxg7 Qxg3+ 0-1

[Event "Let's Play Chess!"]
[Site "http://www.queenalice.com/game.php?id=210102"]
[Date "2007.5.12"]
[Round "-"]
[White "spawnwolfwolverine"]
[Black "lordk"]
[Result "1-0"]
[WhiteElo "1532"]
[BlackElo "767"]

1. c4 a5 2. d4 b6 3. b3 Nc6 4. d5 Nb4 5. e4 Ba6 6. Nf3 e6 7. dxe6 dxe6 8. Qxd8+
Rxd8 9. Na3 Nd3+ 10. Bxd3 Rxd3 11. O-O f5 12. exf5 exf5 13. Re1+ Ne7 14. Ne5 f4
15. Nc6 Rd7 16. Nb8 Bc8 17. Nxd7 Bxd7 18. Bxf4 c5 19. Bd6 g6 20. Nb5 Bg7 21.
Rxe7+ Kf8 22. Rxd7+ Ke8 23. Rxg7 Kd8 24. Rd1 h5 25. Be5+ Ke8 26. Nc7+ Kf8 27.
Rxg6 1-0

[Event "Challenge"]
[Site "http://www.queenalice.com/game.php?id=211935"]
[Date "2007.5.16"]
[Round "-"]
[White "queiroga"]
[Black "lordk"]
[Result "1-0"]
[WhiteElo "1368"]
[BlackElo "767"]

1. e4 d5 2. e5 h5 3. g3 Bg4 4. f3 Be6 5. Bh3 Nd7 6. f4 h4 7. f5 Bxf5 8. Bxf5
Nxe5 9. c4 Nxc4 10. Qa4+ c6 11. gxh4 Rxh4 12. d3 Nb6 13. Qxh4 g6 14. Bh3 Nf6 15.
Qh8 Nh5 16. Bh6 Qc7 17. Qxf8# 1-0

[Event "Let's Play Chess!"]
[Site "http://www.queenalice.com/game.php?id=212919"]
[Date "2007.5.19"]
[Round "-"]
[White "CampbellMarcel"]
[Black "lordk"]
[Result "1-0"]
[WhiteElo "1712"]
[BlackElo "809"]

1. Nf3 d6 2. d4 e5 3. dxe5 Qe7 4. exd6 cxd6 5. Nc3 g6 6. Nb5 Nf6 7. Bf4 Qe4 8.
Nc7+ Kd7 9. Nxa8 Nc6 10. Be3 Qb4+ 11. c3 Qa5 12. b4 Qd5 13. Qxd5 Nxd5 14. c4 Nc3
15. b5 Nb4 16. Kd2 Ne4+ 17. Kd1 d5 18. cxd5 Bc5 19. Bxc5 1-0

[Event "Let's Play Chess!"]
[Site "http://www.queenalice.com/game.php?id=212983"]
[Date "2007.5.19"]
[Round "-"]
[White "lordk"]
[Black "lay_rj"]
[Result "0-1"]
[WhiteElo "767"]
[BlackElo "1416"]

1. e4 c5 2. Qh5 g6 3. Qxc5 Bg7 4. Bb5 Qa5 5. a4 Nc6 6. Ra3 Nb4 7. c3 Nc2+ 8. Kd1
Nxa3 9. bxa3 Nf6 10. d3 Ng4 11. Qd5 O-O 0-1

[Event "AUTO-OPEN-672"]
[Site "http://www.queenalice.com/game.php?id=215069"]
[Date "2007.5.22"]
[Round "1"]
[White "josecastroman"]
[Black "lordk"]
[Result "1-0"]
[WhiteElo "1810"]
[BlackElo "809"]

1. e4 d5 2. exd5 Qxd5 3. d4 Qa5+ 4. Bd2 Qa4 5. Nf3 Bg4 6. Nc3 Qc4 7. Bxc4 a5 8.
Bxf7+ Kxf7 9. Ng5+ Kg6 10. Qxg4 h5 11. Qe6+ 1-0

[Event "AUTO-OPEN-672"]
[Site "http://www.queenalice.com/game.php?id=215070"]
[Date "2007.5.22"]
[Round "1"]
[White "lordk"]
[Black "josecastroman"]
[Result "0-1"]
[WhiteElo "809"]
[BlackElo "1812"]

1. e4 e5 2. d4 exd4 3. Qxd4 Nc6 4. Qe3 b6 5. e5 Bc5 6. Qd2 Nxe5 7. a3 Nf6 8. b4
Be7 9. Bb5 c6 10. Bb2 cxb5 11. Bxe5 d6 12. Bg3 O-O 0-1

[Event "AUTO-OPEN-672"]
[Site "http://www.queenalice.com/game.php?id=215089"]
[Date "2007.5.22"]
[Round "1"]
[White "horcruzes"]
[Black "lordk"]
[Result "0-1"]
[WhiteElo "1322"]
[BlackElo "767"]

1. e4 d5 2. exd5 Qxd5 3. Nc3 Qe6+ 4. Qe2 g5 5. Qxe6 fxe6 6. b3 Bg7 7. Bb2 h5 8.
O-O-O h4 9. Nb5 c6 10. Nc7+ Kd7 11. Nxa8 h3 12. Bxg7 Rh4 13. Be5 Re4 14. Bg3 Na6
15. Bxa6 bxa6 16. Nxh3 Nf6 17. Nxg5 Rb4 18. Nc7 Rg4 0-1

[Event "AUTO-OPEN-672"]
[Site "http://www.queenalice.com/game.php?id=215090"]
[Date "2007.5.22"]
[Round "1"]
[White "lordk"]
[Black "horcruzes"]
[Result "1-0"]
[WhiteElo "767"]
[BlackElo "1322"]

1. Nc3 d5 2. f3 Nf6 3. e4 dxe4 4. fxe4 e5 5. Bb5+ c6 6. Ba4 Bb4 7. Nce2 Nxe4 8.
c3 Bc5 9. d3 Bxg1 10. Rxg1 Nc5 11. b3 b5 12. d4 exd4 13. cxd4 Nb7 14. Bf4 bxa4
15. bxa4 O-O 16. Nc3 Re8+ 17. Ne2 Bg4 18. Rb1 Bxe2 19. Qb3 1-0

[Event "AUTO-OPEN-672"]
[Site "http://www.queenalice.com/game.php?id=215101"]
[Date "2007.5.22"]
[Round "1"]
[White "lordk"]
[Black "Gambitshark"]
[Result "0-1"]
[WhiteElo "767"]
[BlackElo "2450"]

1. d3 e5 2. e4 Nc6 3. h4 Bc5 4. Be3 Bxe3 5. fxe3 d6 6. Nf3 Qf6 7. d4 Qg6 8. dxe5
Qg3+ 9. Ke2 dxe5 10. h5 Nf6 11. Rh4 Bg4 12. Nd2 O-O-O 13. c3 Nxe4 14. Qb1 Qf2+
15. Kd1 Qxd2# 0-1

[Event "AUTO-OPEN-672"]
[Site "http://www.queenalice.com/game.php?id=215102"]
[Date "2007.5.22"]
[Round "1"]
[White "Gambitshark"]
[Black "lordk"]
[Result "1-0"]
[WhiteElo "2467"]
[BlackElo "767"]

1. e4 d5 2. exd5 Qxd5 3. Nc3 Qe6+ 4. Be2 a5 5. Nf3 g6 6. O-O Bh6 7. Re1 Nf6 8.
Bb5+ Bd7 9. Rxe6 fxe6 10. Qe2 a4 11. Ne5 Bxb5 12. Qxb5+ Kf8 13. Qxb7 Ra5 14.
Qxb8+ Kg7 15. Qxc7 Bf4 16. Qxa5 h5 17. d4 Bxc1 18. Rxc1 h4 19. Qxa4 h3 20. Qc4
Rh5 21. Qxe6 hxg2 22. Qf7+ Kh6 23. Qxg6# 1-0